The role of the state and individual in sustainable land management
Αποθηκεύτηκε σε:
| Άλλοι συγγραφείς: | , |
|---|---|
| Μορφή: | Βιβλίο |
| Γλώσσα: | English |
| Δημοσίευση: |
Aldershot, England :
Ashgate Pub.,
c2006
|
| Σειρά: | International land management series
|
| Θέματα: | |
| Ετικέτες: |
Προσθήκη ετικέτας
Δεν υπάρχουν, Καταχωρήστε ετικέτα πρώτοι!
|
MARC
| LEADER | 00000nam a2200000 i 4500 | ||
|---|---|---|---|
| 001 | 1/92450 | ||
| 008 | 080827s2006 eng d | ||
| 020 | |a 0-7546-3513-9 | ||
| 035 | |l 10099632 | ||
| 040 | |a GR-MY-UA |b gre |e aacr | ||
| 041 | 0 | |a eng | |
| 082 | 0 | |a 333.73 |2 (22) | |
| 245 | 1 | 4 | |a The role of the state and individual in sustainable land management / |c edited by Robert W. Dixon-Gough, Peter C. Bloch |
| 260 | |a Aldershot, England : |b Ashgate Pub., |c c2006 | ||
| 300 | |a vi, 187 σ.; |b εικ., χάρτες; |c 24 εκ. | ||
| 490 | 1 | |a International land management series | |
| 504 | |a Περιέχει βιβλιογραφικές παραπομπές και ευρετήριο | ||
| 650 | 0 | 0 | |a Land use |x Planning. |
| 650 | 0 | 0 | |a Land use, Rural |x Planning. |
| 650 | 0 | 0 | |a Land use |x Government policy. |
| 650 | 0 | 0 | |a Land use, Rural |x Government policy. |
| 650 | 0 | 0 | |a Land tenure. |
| 650 | 0 | 0 | |a Land reform. |
| 650 | 0 | 0 | |a Land use |x Environmental aspects. |
| 650 | 0 | 0 | |a Land use, Rural |x Environmental aspects. |
| 650 | 0 | 0 | |a Sustainable development. |
| 700 | 1 | |a Dixon-Gough, R. W. |4 edt | |
| 700 | 1 | |a Bloch, Peter C. |4 edt | |
| 830 | 0 | |a International land management series | |
| 852 | |a INST |b LESVOS |e 20080827 |h 333.73 ROL |p 005100042967 |q 005100042967 |t BK |y 0 | ||
| 901 | |a BIBL1-2008-2 | ||
| 909 | |a Λ |b 151063 | ||
| 922 | |a 1ΕΛΗ |b 200802 |c ΕΠΕΑΕΚ2/ΤΓ |d ΕΛΕΥΘΕΡΟΥΔΑΚΗΣ | ||
| 970 | |a ΚΑΡΑ |b ΓΙΑΣΕΜΗ |z 2008/08/27 | ||